Chords by Notes - Statistics

General Stats
  • This quiz has been taken 93 times
  • The average score is 6 of 10
Answer Stats
Hint Answer % Correct
E-G♯-B E Major Triad
76%
A-C-E A Minor Triad
71%
G-B-D-F G Dominant Seventh Chord
68%
C-F-G C Suspended Fourth Chord
67%
F-A-C♯ F Augmented Triad
61%
B♭-D♭-F♭ B♭ Diminished Triad
56%
D-E-A D Suspended Second Chord
51%
B-D-F-A♭ B Diminished Seventh Chord
49%
A♭-C-E♭-G A♭ Major Seventh Chord
46%
E♭-G♭-B♭-D E♭ Minor Major Seventh Chord
15%
No matching quizzes found
Score Distribution
Percent of People with Each Score
Percentile by Number Answered
Your Score History
You have not taken this quiz